[Event "FIDE World Rapid Team"]
[Site "London ENG"]
[Date "2025.06.11"]
[Round "4.5"]
[White "Gong, Qianyun"]
[Black "Roebers, Eline"]
[Result "1/2-1/2"]
[WhiteTitle "WGM"]
[BlackTitle "IM"]
[WhiteElo "2228"]
[BlackElo "2356"]
[WhiteTeam "Theme International Trading"]
[BlackTeam "Knight Dance"]
[WhiteFideId "8602425"]
[BlackFideId "1058401"]
[EventDate "2025.06.11"]
[EventType "team"]

1. e4 c5 2. Nf3 e6 3. Nc3 Nc6 4. h3 a6 5. d4 cxd4 6. Nxd4 Qc7 7. Nxc6 Qxc6 8.
Bd3 b5 9. O-O Bb7 10. Re1 Nf6 11. Qf3 Be7 12. Bg5 b4 13. Bxf6 Bxf6 14. Nd5 Bxb2
15. Rab1 Bc3 16. Qg3 Bxe1 17. Nc7+ Kd8 18. Nxa8 Bc3 19. Nb6 Qc7 20. Qg5+ Ke8 21.
Qe3 a5 22. Bb5 Bc6 23. Bxc6 Qxc6 24. e5 Qc7 25. Rd1 Qxe5 26. Qd3 d5 27. Qa6 g5
28. Qa8+ Ke7 29. Qb7+ Ke8 30. Qc8+ Ke7 31. Qb7+ Ke8 32. Qc8+ Ke7 33. Qb7+ Ke8 1/2-1/2

[Event "FIDE World Rapid Team"]
[Site "London ENG"]
[Date "2025.06.11"]
[Round "4.6"]
[White "Phulpin, Theo"]
[Black "Zhang, Changjie"]
[Result "1-0"]
[WhiteElo "1773"]
[BlackElo "1808"]
[WhiteTeam "Knight Dance"]
[BlackTeam "Theme International Trading"]
[WhiteFideId "36001600"]
[BlackFideId "5801877"]
[EventDate "2025.06.11"]
[EventType "team"]

1. e4 e6 2. d4 d5 3. Nc3 Bb4 4. Ne2 dxe4 5. a3 Bxc3+ 6. Nxc3 Nc6 7. Bb5 Nf6 8.
Bg5 h6 9. Bxf6 Qxf6 10. Nxe4 Qg6 11. Qf3 O-O 12. Bxc6 bxc6 13. O-O Rb8 14. b3
Rd8 15. Rad1 Bb7 16. Nc5 Qxc2 17. Qg3 Rd6 18. Rfe1 Ba8 19. Rd3 Rbd8 20. Qe5 f6
21. Qg3 Rxd4 22. Nxe6 g5 23. Rxd4 Rxd4 24. Nxd4 Qd2 25. Qe3 1-0

[Event "FIDE World Rapid Team"]
[Site "London ENG"]
[Date "2025.06.11"]
[Round "4.1"]
[White "Kozak, Adam"]
[Black "Samadov, Read"]
[Result "1-0"]
[WhiteTitle "GM"]
[BlackTitle "IM"]
[WhiteElo "2587"]
[BlackElo "2522"]
[WhiteTeam "Team Hungary"]
[BlackTeam "Rookies"]
[WhiteFideId "753246"]
[BlackFideId "13417444"]
[EventDate "2025.06.11"]
[EventType "team"]

1. d4 d5 2. c4 c6 3. Nc3 Nf6 4. e3 Bf5 5. cxd5 cxd5 6. Qb3 Nc6 7. Qxb7 Bd7 8.
Qb3 Rb8 9. Qd1 e5 10. Nge2 Bd6 11. dxe5 Bxe5 12. g3 Bg4 13. Bg2 Bxc3+ 14. bxc3
Ne5 15. h3 Bf3 16. O-O O-O 17. Bxf3 Nxf3+ 18. Kg2 Ne5 19. Qc2 Re8 20. Rb1 Rxb1
21. Qxb1 Qc7 22. Rd1 h5 23. Qc2 Nc4 24. Nf4 Qc6 25. Rd4 Nd6 26. Kg1 Rc8 27. Bd2
Nde4 28. Be1 g5 29. Nxd5 Qe6 30. Nxf6+ Nxf6 31. h4 gxh4 32. Rxh4 Rb8 33. c4 Rc8
34. Qd3 Ng4 35. Rxh5 Ne5 36. Qh7+ Kf8 37. Qh8+ Ke7 38. Qxe5 1-0

[Event "FIDE World Rapid Team"]
[Site "London ENG"]
[Date "2025.06.11"]
[Round "4.2"]
[White "Shogdzhiev, Roman"]
[Black "Kantor, Gergely"]
[Result "1/2-1/2"]
[WhiteTitle "FM"]
[BlackTitle "GM"]
[WhiteElo "2402"]
[BlackElo "2584"]
[WhiteTeam "Rookies"]
[BlackTeam "Team Hungary"]
[WhiteFideId "55653537"]
[BlackFideId "751499"]
[EventDate "2025.06.11"]
[EventType "team"]

1. e4 e5 2. Nf3 Nc6 3. Bc4 Nf6 4. d3 Bc5 5. O-O d6 6. c3 a6 7. a4 h6 8. Re1 Ba7
9. Nbd2 g5 10. b4 Nh7 11. Kh1 Qf6 12. d4 g4 13. Ng1 exd4 14. e5 dxe5 15. b5 Na5
16. Ba3 Bf5 17. Bd5 O-O-O 18. c4 Ng5 19. Bb4 Bb6 20. Rc1 c5 21. bxc6 Nxc6 22.
Qb3 d3 23. Rb1 Nd4 24. Qb2 Rd7 25. Bc3 Bc5 26. Bxb7+ Kd8 27. Bd5 Nge6 28. Ne4
Bxe4 29. Bxe4 Nf4 30. Bd5 Ng6 31. Rbd1 Qb6 32. Qxb6+ Bxb6 33. Rxd3 Nf4 34. Rdd1
Nxd5 35. cxd5 Rxd5 36. f4 gxf3 37. Nxf3 f6 38. Nxd4 exd4 39. Re4 Re5 40. Bxd4
Rxe4 41. Bxf6+ Kc7 42. Bxh8 Rxa4 43. h3 a5 44. Be5+ Kb7 45. Rd7+ Kc8 46. Rd6 Be3
47. g4 Re4 48. Bg7 Bf4 49. Rd4 Rxd4 50. Bxd4 a4 51. Bb2 Kd7 52. Kg2 Ke6 53. Kf3
Be5 54. Bc1 Bf6 55. Ke4 Bg5 56. Ba3 Be7 57. Bxe7 Kxe7 58. Kd4 Kf6 59. h4 1/2-1/2

[Event "FIDE World Rapid Team"]
[Site "London ENG"]
[Date "2025.06.11"]
[Round "4.3"]
[White "Erdos, Viktor"]
[Black "Royal, Shreyas"]
[Result "1/2-1/2"]
[WhiteTitle "GM"]
[BlackTitle "GM"]
[WhiteElo "2545"]
[BlackElo "2492"]
[WhiteTeam "Team Hungary"]
[BlackTeam "Rookies"]
[WhiteFideId "719978"]
[BlackFideId "448869"]
[EventDate "2025.06.11"]
[EventType "team"]

1. d4 d5 2. c4 dxc4 3. Nf3 Nf6 4. e3 e6 5. Bxc4 c5 6. Nc3 Nc6 7. a3 a6 8. O-O b5
9. Ba2 Bb7 10. Qe2 Be7 11. Rd1 Qc7 12. Bd2 O-O 13. Rac1 Qb6 14. dxc5 Bxc5 15.
Bb1 Rfd8 16. Ne4 Be7 17. Bc3 Nd5 18. Be1 h6 19. Qc2 Rac8 20. Nc5 Bxc5 21. Qxc5
Ne5 22. Qxb6 Nxf3+ 23. gxf3 Nxb6 24. Rxd8+ Rxd8 25. Ba5 Rd6 26. Bxb6 Rxb6 27.
Be4 Bxe4 28. fxe4 Rd6 29. Rc2 g5 30. Kg2 Kg7 31. h3 Kf6 32. a4 b4 33. Rc4 a5 34.
Rc5 Rd2 35. Rxa5 Rxb2 36. Rb5 b3 37. a5 Ra2 38. Rxb3 Rxa5 1/2-1/2

[Event "FIDE World Rapid Team"]
[Site "London ENG"]
[Date "2025.06.11"]
[Round "4.4"]
[White "Suleimen, Ergali"]
[Black "Balogh, Csaba"]
[Result "1-0"]
[WhiteTitle "FM"]
[BlackTitle "GM"]
[WhiteElo "2302"]
[BlackElo "2544"]
[WhiteTeam "Rookies"]
[BlackTeam "Team Hungary"]
[WhiteFideId "13724452"]
[BlackFideId "718939"]
[EventDate "2025.06.11"]
[EventType "team"]

1. e4 c5 2. Nf3 e6 3. d4 cxd4 4. Nxd4 a6 5. Bd3 Bc5 6. Nb3 Ba7 7. Qe2 Nc6 8. Be3
Nge7 9. Nc3 b5 10. O-O-O Qc7 11. Kb1 d6 12. Bxb5 axb5 13. Nxb5 Qb8 14. Nxd6+ Kf8
15. Qf3 Ne5 16. Qg3 Bxe3 17. Qxe5 Bb6 18. Qf4 f6 19. e5 Ng6 20. Qb4 Bxf2 21.
Nb5+ Kf7 22. exf6 gxf6 23. Rhf1 Qb6 24. Rd6 Qe3 25. Rd2 Be1 26. Nd6+ Kg7 27.
Nxc8 Bxd2 28. Qb7+ Kh6 29. Qxa8 Be1 30. Qf3 Qe5 31. Nb6 Rd8 32. Nc4 Qb5 33. Rxe1
Qxc4 34. Qxf6 Rc8 35. Qf2 e5 36. c3 Rd8 37. Qe3+ Kg7 38. Nd2 Qh4 39. Nf3 Qa4 40.
b3 Qd7 41. Kb2 Qf5 42. Qe4 Qf6 43. Re2 Rd7 44. h4 Ra7 45. Rd2 Re7 46. g3 Qa6 47.
h5 Nf8 48. Nxe5 Qe6 49. Qg4+ Kh6 50. Qf4+ Kg7 51. Rd8 1-0

[Event "FIDE World Rapid Team"]
[Site "London ENG"]
[Date "2025.06.11"]
[Round "4.5"]
[White "Gaal, Zsoka"]
[Black "Nurgaliyeva, Zarina"]
[Result "1-0"]
[WhiteTitle "WGM"]
[BlackTitle "WFM"]
[WhiteElo "2391"]
[BlackElo "2252"]
[WhiteTeam "Team Hungary"]
[BlackTeam "Rookies"]
[WhiteFideId "777765"]
[BlackFideId "13730096"]
[EventDate "2025.06.11"]
[EventType "team"]

1. d4 Nf6 2. c4 e6 3. Nc3 Bb4 4. e3 Nc6 5. Ne2 d5 6. a3 Be7 7. cxd5 exd5 8. Nf4
Nb8 9. Bd3 c6 10. O-O O-O 11. Bd2 Re8 12. Kh1 Nbd7 13. f3 Nf8 14. Be1 Bd6 15.
Qd2 Be6 16. Bh4 h6 17. Bc2 Bd7 18. Nfe2 Ng6 19. Bxg6 fxg6 20. e4 g5 21. Bg3 Bxg3
22. Nxg3 Be6 23. e5 Nd7 24. Nce2 c5 25. f4 cxd4 26. f5 Nxe5 27. fxe6 d3 28. Nd4
Qb6 29. Ngf5 g6 30. Nxh6+ Kg7 31. Qxg5 1-0

[Event "FIDE World Rapid Team"]
[Site "London ENG"]
[Date "2025.06.11"]
[Round "4.6"]
[White "Watson, Mikey J"]
[Black "Marton-John, Almos Kiran"]
[Result "1-0"]
[WhiteElo "1984"]
[BlackElo "1987"]
[WhiteTeam "Rookies"]
[BlackTeam "Team Hungary"]
[WhiteFideId "442690"]
[BlackFideId "17013135"]
[EventDate "2025.06.11"]
[EventType "team"]

1. e4 e5 2. Nf3 Nc6 3. Bc4 Bc5 4. d3 Nf6 5. O-O d6 6. h3 h6 7. c3 a5 8. Re1 Ba7
9. Na3 g5 10. Nh2 g4 11. hxg4 Rg8 12. g5 hxg5 13. Be3 g4 14. Bxa7 Rxa7 15. Re3
Nh5 16. Nb5 Ra8 17. g3 Nf6 18. d4 Rh8 19. Qf1 Qe7 20. Qg2 Kd8 21. Rd1 Qf8 22.
Bd5 Bd7 23. Bxc6 bxc6 24. dxe5 dxe5 25. Na3 Qh6 26. Red3 Kc8 27. Nc4 Qh5 28. Nf1
c5 29. Qh2 Bc6 30. Qxh5 Rxh5 31. Rd8+ Kb7 32. Rxa8 Kxa8 33. Rd8+ Ka7 34. Nxa5
Bxe4 35. Nh2 Bd5 36. Nb3 c4 37. Nd2 e4 38. Ndf1 Be6 39. Ne3 Ra5 40. a3 Rb5 41.
Nd1 Kb7 42. Nf1 Kc6 43. Nfe3 Nd5 44. Nxd5 Rxd5 45. Rxd5 Bxd5 46. Kf1 Kb5 47. Ne3
Be6 48. Nc2 c5 49. Ke2 Ka4 50. Na1 Kb5 51. Ke3 f5 52. Kf4 Kc6 53. Ke5 Bd7 54.
Nc2 Kb5 55. Ne3 Ka4 56. Nxc4 Kb3 57. Nb6 Bc6 58. Kxf5 Kxb2 59. c4 Kxa3 60. Kxg4
Kb4 61. Kf4 Ka5 62. Nc8 Ka6 63. Nd6 Kb6 64. Nxe4 Kc7 65. Nxc5 Kd6 66. Ne4+ Ke6
67. g4 Kf7 68. Ke5 Bd7 69. g5 Be6 70. c5 Bd7 71. f4 Kg6 72. Nc3 Bc6 73. Nd5 Bd7
74. c6 Bc8 75. Ne7+ 1-0

[Event "FIDE World Rapid Team"]
[Site "London ENG"]
[Date "2025.06.11"]
[Round "4.1"]
[White "Harvey, Marcus R"]
[Black "Gelfand, Boris"]
[Result "0-1"]
[WhiteTitle "IM"]
[BlackTitle "GM"]
[WhiteElo "2445"]
[BlackElo "2652"]
[WhiteTeam "Wood Green"]
[BlackTeam "Rishon LeZion Chess Club"]
[WhiteFideId "400092"]
[BlackFideId "2805677"]
[EventDate "2025.06.11"]
[EventType "team"]

1. c4 c5 2. Nf3 Nf6 3. d4 cxd4 4. Nxd4 Nc6 5. Nc3 e6 6. Bf4 d5 7. e3 Bb4 8. Rc1
O-O 9. Be2 Nxd4 10. Qxd4 dxc4 11. Qxc4 Nd5 12. O-O Bxc3 13. bxc3 Bd7 14. Bd6 Re8
15. e4 Bc6 16. Bg3 Nf6 17. Bh4 Qa5 18. Bxf6 gxf6 19. Qd4 Qe5 20. Qxe5 fxe5 21.
f4 Bxe4 22. fxe5 Rac8 23. Rf4 Bg6 24. h4 h5 25. g4 Rc5 26. gxh5 Bf5 27. Bg4 Rxe5
28. Bxf5 Rxf5 29. Rxf5 exf5 30. Rb1 b6 31. Rb5 Rc8 32. Rxf5 Rxc3 33. a4 Rc5 34.
Rf4 Rxh5 35. Kg2 Ra5 36. Kg3 Kg7 37. Kg4 Kg6 38. Rd4 f6 39. Kg3 Rc5 40. Rd7 Rc3+
41. Kf2 a5 42. Rd6 Rb3 43. Ke2 Rb4 44. h5+ Kxh5 45. Rxf6 Kg5 46. Rc6 Kf5 47. Kd3
Ke5 48. Rc1 Kd5 49. Ra1 Rb3+ 50. Kc2 Kc4 51. Rh1 Kb4 52. Ra1 Ra3 53. Rb1+ Kc5
54. Rc1 Rxa4 55. Kb3+ Kb5 56. Rh1 Rb4+ 57. Ka3 Rc4 58. Rh5+ Ka6 59. Kb3 Rg4 60.
Rh6 a4+ 61. Kc3 Ka5 62. Rh8 Rg3+ 63. Kb2 b5 64. Rh4 Rg2+ 65. Ka1 a3 66. Rh3 Ka4
67. Rh1 b4 68. Rf1 Rg4 69. Kb1 b3 70. Rh1 a2+ 0-1

[Event "FIDE World Rapid Team"]
[Site "London ENG"]
[Date "2025.06.11"]
[Round "4.2"]
[White "Rodshtein, Maxim"]
[Black "Wadsworth, Matthew J"]
[Result "1-0"]
[WhiteTitle "GM"]
[BlackTitle "IM"]
[WhiteElo "2645"]
[BlackElo "2481"]
[WhiteTeam "Rishon LeZion Chess Club"]
[BlackTeam "Wood Green"]
[WhiteFideId "2806851"]
[BlackFideId "415804"]
[EventDate "2025.06.11"]
[EventType "team"]

1. Nf3 d5 2. g3 Nd7 3. d4 Nb6 4. Nc3 Bf5 5. Bg2 h6 6. e4 Bxe4 7. Nxe4 dxe4 8.
Ne5 Nf6 9. O-O e6 10. c4 c5 11. Be3 Qc7 12. Qb3 cxd4 13. Qb5+ Nbd7 14. Bxd4 a6
15. Qa4 Rd8 16. Rad1 Bd6 17. Nxd7 Qxd7 18. Qc2 O-O 19. Bxf6 gxf6 20. Qxe4 Qe7
21. Qxb7 Qxb7 22. Bxb7 a5 23. Kg2 Bc5 24. Bc6 f5 25. a3 Kg7 26. Bd7 Rb8 27. Rd2
Rfd8 28. Rfd1 Kf6 29. Kf3 e5 30. Ke2 Bd4 31. Bb5 Ke7 32. b3 f6 33. b4 axb4 34.
axb4 Bc3 35. Rd7+ Rxd7 36. Rxd7+ Ke6 37. Rh7 Bxb4 38. Bd7+ Kd6 39. Bxf5 Bc5 40.
Rxh6 Rb2+ 41. Kf3 Rxf2+ 42. Kg4 Bd4 43. h4 Kc5 44. h5 e4 45. Bxe4 Kxc4 46. Bf5
Be5 47. Rg6 Kd4 48. Rg8 Bxg3 49. h6 1-0

[Event "FIDE World Rapid Team"]
[Site "London ENG"]
[Date "2025.06.11"]
[Round "4.3"]
[White "Czopor, Maciej"]
[Black "Steinberg, Nitzan"]
[Result "1-0"]
[WhiteTitle "IM"]
[BlackTitle "GM"]
[WhiteElo "2423"]
[BlackElo "2554"]
[WhiteTeam "Wood Green"]
[BlackTeam "Rishon LeZion Chess Club"]
[WhiteFideId "21805431"]
[BlackFideId "2801795"]
[EventDate "2025.06.11"]
[EventType "team"]

1. c4 c6 2. Nf3 d5 3. e3 Nf6 4. b3 e6 5. Bb2 Nbd7 6. Nc3 Bd6 7. d4 O-O 8. Be2 b6
9. O-O Bb7 10. Qc2 Qe7 11. Rad1 Rad8 12. Rfe1 Rfe8 13. h3 h6 14. e4 dxe4 15.
Nxe4 Nxe4 16. Qxe4 Nf6 17. Qc2 c5 18. d5 Qf8 19. Bf1 exd5 20. Bxf6 Rxe1 21. Rxe1
gxf6 22. cxd5 Bxd5 23. Nh4 Be5 24. Nf5 Be6 25. Bc4 Kh8 26. g3 Bxf5 27. Qxf5 Qg7
28. Kg2 Qg6 29. Qf3 Rd2 30. Re4 h5 31. Bxf7 Qxf7 32. Rxe5 Rxa2 33. Rxh5+ Kg7 34.
Qg4+ Qg6 35. Qd7+ Kg8 36. Rh4 f5 37. Qc8+ Kf7 38. Rh8 Kf6 39. Qd8+ 1-0

[Event "FIDE World Rapid Team"]
[Site "London ENG"]
[Date "2025.06.11"]
[Round "4.4"]
[White "Bronstein, Or"]
[Black "Willow, Jonah B"]
[Result "1-0"]
[WhiteTitle "IM"]
[BlackTitle "IM"]
[WhiteElo "2443"]
[BlackElo "2470"]
[WhiteTeam "Rishon LeZion Chess Club"]
[BlackTeam "Wood Green"]
[WhiteFideId "2815770"]
[BlackFideId "438804"]
[EventDate "2025.06.11"]
[EventType "team"]

1. d4 Nf6 2. c4 g6 3. Nc3 Bg7 4. e4 d6 5. Be2 O-O 6. h3 Nc6 7. d5 Ne5 8. Bg5 c6
9. Nf3 Nxf3+ 10. Bxf3 cxd5 11. cxd5 h6 12. Be3 e6 13. Qd2 exd5 14. exd5 Kh7 15.
O-O Re8 16. a4 Bf5 17. Bd4 a6 18. a5 Rc8 19. g4 Bd7 20. Qf4 Rc4 21. Rfd1 Bc8 22.
b3 Rb4 23. Ra4 Rxb3 24. Rc4 Qe7 25. Rc1 Nd7 26. Bd1 Bxd4 27. Rxd4 Nc5 28. Bxb3
Nxb3 29. Re4 Qd7 30. Rce1 Rxe4 31. Nxe4 1-0

[Event "FIDE World Rapid Team"]
[Site "London ENG"]
[Date "2025.06.11"]
[Round "4.5"]
[White "Kueh, Audrey"]
[Black "Efroimski, Marsel"]
[Result "1-0"]
[WhiteTitle "WFM"]
[BlackTitle "IM"]
[WhiteElo "2054"]
[BlackElo "2372"]
[WhiteTeam "Wood Green"]
[BlackTeam "Rishon LeZion Chess Club"]
[WhiteFideId "421596"]
[BlackFideId "2810964"]
[EventDate "2025.06.11"]
[EventType "team"]

1. e4 e6 2. d4 d5 3. Nd2 c5 4. Ngf3 cxd4 5. Nxd4 Nc6 6. Bb5 Bd7 7. Nxc6 bxc6 8.
Bd3 Qc7 9. Qe2 Ne7 10. Nf3 Ng6 11. e5 f6 12. Bxg6+ hxg6 13. Bf4 Qb7 14. O-O g5
15. Bc1 c5 16. b3 Be7 17. Bb2 f5 18. c3 Bc6 19. Rfd1 g4 20. Ne1 O-O-O 21. Ba3
Rh5 22. f3 Rdh8 23. fxg4 Rxh2 24. gxf5 Rh1+ 25. Kf2 Bh4+ 26. Ke3 Bg5+ 27. Kf2
Bh4+ 28. Ke3 exf5 29. Bxc5 Bg5+ 30. Kf2 R1h4 31. Nf3 Re4 32. Qd3 Bf4 33. Rh1 Re8
34. Rae1 g5 35. g3 g4 36. gxf4 Rxf4 37. Re3 d4 38. Bxd4 Bxf3 39. Kg3 Bxh1 40.
Kxf4 Be4 41. Qc4+ Kb8 42. e6 Ka8 43. Be5 Rc8 44. Qd4 Qh7 45. Rxe4 fxe4 46. Qxe4+
Qxe4+ 47. Kxe4 Kb7 48. Kf5 Kc6 49. Kxg4 Rf8 50. c4 Rf2 51. e7 Kd7 52. a4 Ra2 53.
Bd6 Rd2 54. c5 Ke8 55. Kf3 Rd3+ 56. Ke4 Rxb3 57. c6 Rb6 58. Kd5 Rb1 59. c7 Rd1+
60. Kc6 Rc1+ 61. Bc5 1-0

[Event "FIDE World Rapid Team"]
[Site "London ENG"]
[Date "2025.06.11"]
[Round "4.6"]
[White "Lapushnian, Eran"]
[Black "Barwick, Carmel"]
[Result "1-0"]
[WhiteElo "1993"]
[BlackElo "1915"]
[WhiteTeam "Rishon LeZion Chess Club"]
[BlackTeam "Wood Green"]
[WhiteFideId "2811952"]
[BlackFideId "442925"]
[EventDate "2025.06.11"]
[EventType "team"]

1. e4 c5 2. Nf3 e6 3. d4 cxd4 4. Nxd4 Nf6 5. Nc3 Nc6 6. a3 Be7 7. Nxc6 dxc6 8.
Qxd8+ Bxd8 9. Be3 e5 10. Bc4 O-O 11. f3 Be7 12. O-O-O b5 13. Bb3 a5 14. a4 b4
15. Nb1 Nd7 16. Nd2 Bc5 17. Bxc5 Nxc5 18. Nc4 Be6 19. Rd6 Bxc4 20. Bxc4 Nxa4 21.
Rxc6 Rac8 22. Bb5 Nc5 23. Rd1 Ne6 24. Rxc8 Rxc8 25. Bd7 Rc7 26. Bxe6 fxe6 27.
Rd6 Kf7 28. Ra6 Rc5 29. Kd2 Kf6 30. c3 h5 31. h4 Kf7 32. Kd3 Kf6 33. c4 Kf7 34.
Rb6 Rc7 35. Ra6 Rd7+ 36. Kc2 b3+ 37. Kc3 Rd1 38. Rxa5 Rg1 39. Rxe5 Rxg2 40. Rxh5
Rf2 41. Kxb3 Rxf3+ 42. Kb4 Ke7 43. c5 Rf4 44. Kb5 Rxe4 45. Rg5 Rxh4 46. Rxg7+
Kd8 47. c6 e5 48. Rg5 e4 49. Re5 Kc7 50. Kc5 Rg4 51. b4 e3 52. b5 e2 53. b6+ Kd8
54. c7+ Kd7 55. Rxe2 Rg5+ 56. Kb4 Rg8 57. Kb5 Kc8 58. Rd2 Kb7 59. Rd8 Rg5+ 60.
Kc4 Rg4+ 61. Kd5 Rg5+ 62. Ke4 Rc5 63. Rb8+ Ka6 64. c8=Q+ 1-0

[Event "FIDE World Rapid Team"]
[Site "London ENG"]
[Date "2025.06.11"]
[Round "4.1"]
[White "Ghasi, Ameet K"]
[Black "Mamedyarov, Shakhriyar"]
[Result "0-1"]
[WhiteTitle "GM"]
[BlackTitle "GM"]
[WhiteElo "2513"]
[BlackElo "2746"]
[WhiteTeam "Sharks 4NCL"]
[BlackTeam "Generation XYZA"]
[WhiteFideId "409200"]
[BlackFideId "13401319"]
[EventDate "2025.06.11"]
[EventType "team"]

1. Nf3 Nf6 2. g3 d5 3. c4 e6 4. d4 Be7 5. Bg2 O-O 6. O-O dxc4 7. Qc2 b6 8. Bg5
Nd5 9. Bxe7 Qxe7 10. Nbd2 Ba6 11. Rac1 c5 12. Nxc4 Rc8 13. Nce5 f6 14. Nd3 c4
15. Nf4 Nxf4 16. gxf4 Nc6 17. Qa4 Na5 18. Nd2 Rab8 19. Rfe1 Kh8 20. e3 Rg8 21.
b4 cxb3 22. axb3 g5 23. f5 Bb7 24. e4 exf5 25. b4 Bc6 26. Qa1 Qxb4 27. d5 Bd7
28. Qxf6+ Rg7 29. e5 Rf8 30. Qh6 Rg6 31. Qh5 Qxd2 32. Rcd1 Qf4 33. Qe2 Ba4 34.
Rc1 Rh6 35. h3 g4 36. Qe3 Qxe3 37. Rxe3 f4 38. Re4 gxh3 39. Bf3 Nb3 40. Rce1 Nd2 0-1

[Event "FIDE World Rapid Team"]
[Site "London ENG"]
[Date "2025.06.11"]
[Round "4.2"]
[White "Gurel, Ediz"]
[Black "Roberson, Peter T"]
[Result "0-1"]
[WhiteTitle "GM"]
[BlackTitle "IM"]
[WhiteElo "2636"]
[BlackElo "2433"]
[WhiteTeam "Generation XYZA"]
[BlackTeam "Sharks 4NCL"]
[WhiteFideId "44507356"]
[BlackFideId "412384"]
[EventDate "2025.06.11"]
[EventType "team"]

1. Nf3 d5 2. b3 c5 3. e3 Nc6 4. Bb2 a6 5. Be2 Nf6 6. d4 Bf5 7. O-O e6 8. Nbd2
cxd4 9. Nxd4 Nxd4 10. Bxd4 Bd6 11. c4 e5 12. Bb2 d4 13. exd4 exd4 14. h3 Bc7 15.
Bf3 O-O 16. Re1 Rb8 17. Ne4 Bxe4 18. Bxe4 Qd6 19. g3 Rfd8 20. Qd3 b5 21. Rac1
Bb6 22. cxb5 Nxe4 23. Rxe4 axb5 24. Rd1 h6 25. Qf3 Ra8 26. a3 Rac8 27. Qg4 Qd7
28. Qh4 Re8 29. Rg4 f5 30. Rg6 Re6 31. Qxh6 Rcc6 32. Rxg7+ Qxg7 33. Qf4 Qe5 34.
Qg5+ Rg6 35. Qd2 Qe4 36. Re1 Rc2 0-1

[Event "FIDE World Rapid Team"]
[Site "London ENG"]
[Date "2025.06.11"]
[Round "4.3"]
[White "Rendle, Thomas E"]
[Black "Erdogmus, Yagiz Kaan"]
[Result "0-1"]
[WhiteTitle "IM"]
[BlackTitle "GM"]
[WhiteElo "2370"]
[BlackElo "2626"]
[WhiteTeam "Sharks 4NCL"]
[BlackTeam "Generation XYZA"]
[WhiteFideId "408760"]
[BlackFideId "44599790"]
[EventDate "2025.06.11"]
[EventType "team"]

1. d4 Nf6 2. c4 b6 3. Nc3 Bb7 4. Qc2 Nc6 5. Nf3 Nb4 6. Qb1 Bxf3 7. exf3 e6 8. a3
Nc6 9. Be3 g6 10. Be2 Bg7 11. O-O O-O 12. Rd1 Ne7 13. Qd3 Nf5 14. Rac1 c6 15. b4
d5 16. c5 Nd7 17. f4 a5 18. Bg4 axb4 19. axb4 bxc5 20. bxc5 Nxe3 21. fxe3 Ra3
22. Qe2 Qa5 23. Nb1 Ra2 24. Rc2 Ra1 25. Nd2 Rb8 26. Rxa1 Qxa1+ 27. Qf1 Qa3 28.
Qe1 Bf6 29. h4 h5 30. Bh3 Bd8 31. Kh2 Ba5 32. Qg3 Qd3 33. e4 Qxc2 34. Bxe6 Nf8
35. f5 fxe6 36. Qxb8 Bxd2 37. exd5 Qxf5 38. d6 Qf4+ 39. Kh3 Qg4+ 40. Kh2 Qxh4+ 0-1

[Event "FIDE World Rapid Team"]
[Site "London ENG"]
[Date "2025.06.11"]
[Round "4.4"]
[White "Salimova, Nurgyul"]
[Black "Moreby, James"]
[Result "1/2-1/2"]
[WhiteTitle "IM"]
[BlackTitle "FM"]
[WhiteElo "2385"]
[BlackElo "2320"]
[WhiteTeam "Generation XYZA"]
[BlackTeam "Sharks 4NCL"]
[WhiteFideId "2915138"]
[BlackFideId "427756"]
[EventDate "2025.06.11"]
[EventType "team"]

1. d4 Nf6 2. Nf3 e6 3. Bf4 c5 4. e3 Qb6 5. Nc3 a6 6. Rb1 d5 7. Be2 Nc6 8. O-O
Be7 9. Na4 Qa5 10. Nxc5 Bxc5 11. dxc5 Qxc5 12. Rc1 O-O 13. c4 Rd8 14. Qb3 Qe7
15. Bg5 h6 16. Bh4 dxc4 17. Qxc4 e5 18. a3 Be6 19. Qa4 Bd5 20. Rfd1 Qe6 21. Bxf6
Qxf6 22. Qc2 Qe6 23. Qc3 Rac8 24. Qe1 Bb3 25. Rxd8+ Rxd8 26. Qc3 Bd5 1/2-1/2

[Event "FIDE World Rapid Team"]
[Site "London ENG"]
[Date "2025.06.11"]
[Round "4.5"]
[White "Hryshchenko, Kamila"]
[Black "Kuru, Atilla"]
[Result "1-0"]
[WhiteTitle "WFM"]
[BlackTitle "IM"]
[WhiteElo "2097"]
[BlackElo "2428"]
[WhiteTeam "Sharks 4NCL"]
[BlackTeam "Generation XYZA"]
[WhiteFideId "14147491"]
[BlackFideId "51607948"]
[EventDate "2025.06.11"]
[EventType "team"]

1. e4 d6 2. d4 Nf6 3. Nc3 e5 4. Nf3 Nbd7 5. Bc4 Be7 6. a4 c6 7. O-O O-O 8. h3 h6
9. a5 Rb8 10. Be3 b5 11. Bb3 b4 12. Ne2 Nxe4 13. dxe5 dxe5 14. Bxa7 Ra8 15. Bb6
Nxb6 16. axb6 Rxa1 17. Qxa1 Qxb6 18. Nxe5 Qb5 19. Ng6 Bc5 20. Nef4 Re8 21. Nd3
Bd4 22. Ngf4 Qf5 23. Qa4 Nd2 1-0

[Event "FIDE World Rapid Team"]
[Site "London ENG"]
[Date "2025.06.11"]
[Round "4.6"]
[White "Yontar, Sabrican Onay"]
[Black "Morea, Georgiana-Steluta"]
[Result "1/2-1/2"]
[WhiteElo "1941"]
[BlackElo "1920"]
[WhiteTeam "Generation XYZA"]
[BlackTeam "Sharks 4NCL"]
[WhiteFideId "6373623"]
[BlackFideId "1204319"]
[EventDate "2025.06.11"]
[EventType "team"]

1. e4 c5 2. b3 Nc6 3. Bb2 e5 4. f4 d6 5. Bb5 exf4 6. Nf3 Nf6 7. O-O Be7 8. e5
dxe5 9. Nxe5 O-O 10. Bxc6 bxc6 11. Nxc6 Qc7 12. Nxe7+ Qxe7 13. Qf3 Ba6 14. d3
Bb7 15. Qxf4 Nd5 16. Qg3 f6 17. Re1 Qd7 18. a3 Qc6 19. Nc3 Nxc3 20. Bxc3 Rae8
21. h3 a6 22. Bd2 Kh8 23. Bf4 Rxe1+ 24. Rxe1 Re8 25. Rxe8+ Qxe8 26. Qe3 Qc6 27.
Qf2 Kg8 28. Be3 c4 29. dxc4 Qd6 30. Bc5 Qd1+ 31. Kh2 Be4 32. Qd4 Qxc2 33. Qd8+
Kf7 34. Qc7+ Kg8 35. Qg3 h6 36. Bd4 Kh7 37. c5 Bd5 38. b4 Be4 39. Bf2 Bd5 40.
Qe3 Qg6 41. Qg3 Qc2 42. Bd4 Be4 43. Bf2 Bd5 44. Kg1 Qd1+ 45. Be1 Qc2 46. Bc3 Be4
47. Kh2 Bd5 48. a4 Qe2 49. Be1 Bc6 50. a5 Bd5 51. Bf2 Qc2 52. Be1 Qe2 53. Bf2
Qc2 54. Be1 1/2-1/2